[Event "Tournoi Skype 011A"]
[Site "Skype"]
[Date "????.??.??"]
[Round "1.1"]
[White "Hervais, Adrien"]
[Black "Janssen, Gerard"]
[Result "1-0"]
[WhiteElo "2097"]
[BlackElo "1621"]
[PlyCount "63"]

1. e4 c5 2. Nf3 Nc6 3. Bb5 a6 4. Bxc6 dxc6 5. Nc3 Bg4 6. d3 Nf6 7. Be3 e6 8. h3
Bh5 9. g4 Bg6 10. Qd2 h6 11. Na4 b6 12. Ne5 Qc7 13. f4 Bd6 14. Nxg6 fxg6 15. e5
Bxe5 16. fxe5 Nd7 17. Bf4 O-O-O 18. O-O-O b5 19. Nc3 Qa5 20. Kb1 Nb6 21. Ne4 b4
22. Nd6+ Rxd6 23. exd6 Kd7 24. Rhe1 Nd5 25. Be5 Nf6 26. Rf1 c4 27. Qe3 Ra8 28.
dxc4 c5 29. Bxf6 gxf6 30. Rxf6 Re8 31. Rf7+ Kc6 32. Qe4+ 1-0

[Event "Tournoi Skype 011A"]
[Site "Skype"]
[Date "????.??.??"]
[Round "1.2"]
[White "Bourdeau, Yvan"]
[Black "Auger, Bertrand"]
[Result "0-1"]
[WhiteElo "1620"]
[BlackElo "2043"]
[PlyCount "60"]

1. e4 e6 2. d4 d5 3. exd5 exd5 4. Bd3 Bd6 5. Ne2 Nf6 6. Bf4 O-O 7. O-O Nc6 8.
c3 Re8 9. Bxd6 Qxd6 10. Nd2 Bg4 11. h3 Bh5 12. g4 Bg6 13. Bxg6 hxg6 14. Ng3 Re7
15. Re1 Rae8 16. Rxe7 Rxe7 17. Ngf1 Nd8 18. Ne3 Rxe3 19. fxe3 Qg3+ 20. Kf1
Qxh3+ 21. Ke2 Qxg4+ 22. Kf2 Qh4+ 23. Ke2 Qh2+ 24. Kd3 c5 25. dxc5 Ne6 26. b4
Qe5 27. Qh1 Qf5+ 28. Ke2 Nh5 29. Qf3 Qe5 30. Rf1 Ng3+ 0-1

[Event "Tournoi Skype 011A"]
[Site "Skype"]
[Date "????.??.??"]
[Round "1.3"]
[White "Deville, Olivier"]
[Black "Soppelsa, Maurizio"]
[Result "1-0"]
[WhiteElo "1919"]
[BlackElo "1617"]
[PlyCount "53"]

1. Nf3 d5 2. c4 e6 3. b3 Nf6 4. g3 Be7 5. Bg2 c5 6. O-O O-O 7. cxd5 exd5 8. d4
Nc6 9. Bb2 Be6 10. Nc3 Re8 11. Rc1 cxd4 12. Nxd4 Nxd4 13. Qxd4 Qa5 14. Na4 Rac8
15. g4 Bf8 16. g5 Ne4 17. h4 b5 18. Bxe4 bxa4 19. Bc2 Bh3 20. Rfd1 Rxe2 21. Qd3
Rcxc2 22. Rxc2 Re1+ 23. Kh2 Bf5 24. Qxf5 Rxd1 25. Rc8 axb3 26. Qe5 Qb4 27.
Qxg7# 1-0

[Event "Tournoi Skype 011A"]
[Site "Skype"]
[Date "????.??.??"]
[Round "1.4"]
[White "De, Yudhajeet"]
[Black "Catherine, Bertrand"]
[Result "0-1"]
[WhiteElo "1613"]
[BlackElo "1910"]
[PlyCount "120"]

1. d4 Nf6 2. c4 c5 3. d5 b5 4. cxb5 a6 5. b6 d6 6. Nc3 g6 7. e4 Nbd7 8. Be2 Bg7
9. Nf3 O-O 10. O-O Nxb6 11. Bf4 Nfd7 12. Rc1 a5 13. Bb5 Ba6 14. Qe2 Bxb5 15.
Qxb5 Qc7 16. Nd2 Rfb8 17. Qb3 a4 18. Qc2 Ne5 19. b3 Qa7 20. Nd1 Qa6 21. Ne3 Nd3
22. Bg3 Nxc1 23. Rxc1 axb3 24. axb3 Qa2 25. Qd3 Qb2 26. Rd1 Ra1 27. Rxa1 Qxa1+
28. Ndf1 Nd7 29. h3 Qc3 30. Qa6 Qxb3 31. Nd2 Qb5 32. Qa2 Qb2 33. Qa7 Qa1+ 34.
Qxa1 Bxa1 35. Kf1 Bd4 36. Nec4 Rb4 37. Ke2 Bc3 38. Kd3 Bxd2 39. Nxd2 Rd4+ 40.
Kc2 Nb6 41. f3 Nc4 42. Nb3 Ne3+ 43. Kc1 Rd1+ 44. Kb2 Nxg2 45. Kc2 Rh1 46. h4
Nxh4 47. Bxh4 Rxh4 48. Kd3 Rf4 49. Ke3 g5 50. Nd2 h5 51. Nf1 h4 52. Nh2 Kg7 53.
Ng4 Rxg4 54. fxg4 c4 55. Kd4 h3 56. Kxc4 h2 57. Kd4 h1=Q 58. e5 Qd1+ 59. Ke4
Qe2+ 60. Kf5 Qxe5# 0-1

[Event "Tournoi Skype 011A"]
[Site "Skype"]
[Date "????.??.??"]
[Round "1.5"]
[White "Hilton, Stephen"]
[Black "Trivedi, Viral"]
[Result "1-0"]
[WhiteElo "1897"]
[BlackElo "1606"]
[PlyCount "63"]

1. Nf3 Nc6 2. d4 d5 3. g3 Bf5 4. Bg2 e6 5. O-O Nb4 6. Na3 Nc6 7. c3 h6 8. Nc2
Nf6 9. b3 Bd6 10. Bb2 O-O 11. Ne3 Be4 12. c4 Bxf3 13. Bxf3 dxc4 14. Nxc4 Ne7
15. Bxb7 Rb8 16. Nxd6 Qxd6 17. Bg2 Rfd8 18. Rc1 c6 19. e4 e5 20. dxe5 Qxd1 21.
Rfxd1 Rxd1+ 22. Rxd1 Nh7 23. Rd7 Nc8 24. Rd8+ Nf8 25. Ba3 Kh7 26. Rxf8 Rb7 27.
Rxc8 Rd7 28. Bd6 f5 29. Rxc6 fxe4 30. Bxe4+ Kg8 31. Bg6 Rd8 32. e6 1-0

[Event "Tournoi Skype 011A"]
[Site "Skype"]
[Date "????.??.??"]
[Round "1.6"]
[White "Delemarre, Georges"]
[Black "Lambert, Pierre"]
[Result "0-1"]
[WhiteElo "1590"]
[BlackElo "1891"]
[PlyCount "108"]

1. Nf3 Nf6 2. g3 g6 3. b3 Bg7 4. Bb2 O-O 5. Bg2 d6 6. d3 e5 7. Nbd2 Nc6 8. O-O
Re8 9. e4 Bd7 10. a3 Qc8 11. b4 a6 12. Rc1 Bg4 13. Nc4 Nd4 14. Bxd4 exd4 15. c3
dxc3 16. Rc2 Qd7 17. Re1 Rad8 18. Ne3 Be6 19. Nd4 Bh3 20. Ne2 Bxg2 21. Kxg2 d5
22. f3 d4 23. Nc4 Qb5 24. Qb1 Nd7 25. f4 Nb6 26. Nxb6 cxb6 27. Rd1 Rd7 28. Qb3
a5 29. Nc1 a4 30. Qb1 Qc6 31. Qa2 Kf8 32. Kf2 Rde7 33. Re2 Rc8 34. Qc2 b5 35.
Rde1 Qe6 36. Kg2 h5 37. h3 Bh6 38. Rf1 f6 39. Kh2 Kg7 40. Ref2 Rf7 41. f5 Qe5
42. fxg6 Kxg6 43. Rf5 Qe6 44. Qe2 Bxc1 45. Qxh5+ Kg7 46. Qg4+ Kf8 47. Rxc1 Qa2+
48. Kg1 Qd2 49. Rd1 Qe3+ 50. Rf2 Rc6 51. Qf4 Qxf4 52. gxf4 c2 53. Rc1 Rfc7 54.
f5 Rc3 0-1

[Event "Tournoi Skype 011A"]
[Site "Skype"]
[Date "????.??.??"]
[Round "1.7"]
[White "Rico Hernandez, Edgar"]
[Black "Fouquereau, Andre"]
[Result "1-0"]
[WhiteElo "1887"]
[BlackElo "1589"]
[PlyCount "39"]

1. d4 d5 2. c4 Nf6 3. Nc3 c6 4. e3 e6 5. Nf3 Bb4 6. Bd2 Ne4 7. Nxe4 Bxd2+ 8.
Nexd2 Nd7 9. Bd3 Nf6 10. O-O b6 11. Rc1 O-O 12. Ne5 Nd7 13. Ndf3 Nxe5 14. Nxe5
Qg5 15. f4 Qd8 16. Qc2 f5 17. Rf3 Bd7 18. Rg3 Be8 19. cxd5 cxd5 20. Qc7 1-0

[Event "Tournoi Skype 011A"]
[Site "Skype"]
[Date "????.??.??"]
[Round "1.8"]
[White "Malbec, Robert"]
[Black "Plourde, Alain"]
[Result "0-1"]
[WhiteElo "1547"]
[BlackElo "1868"]
[PlyCount "72"]

1. e4 d6 2. d4 Nf6 3. Nc3 g6 4. Be3 Bg7 5. h3 O-O 6. Nf3 c6 7. Qd2 Nbd7 8. Bh6
Qc7 9. Bxg7 Kxg7 10. Bd3 e5 11. dxe5 Nxe5 12. Nxe5 dxe5 13. O-O-O Be6 14. Kb1
Rfd8 15. Qe3 b5 16. Qc5 Nd7 17. Nxb5 Qb7 18. Nd6 Nxc5 19. Nxb7 Nxb7 20. Ba6
Rxd1+ 21. Rxd1 Rd8 22. Bd3 Nc5 23. b3 Nxd3 24. Rxd3 Rxd3 25. cxd3 Kf6 26. Kc2
Ke7 27. a4 a5 28. Kc3 c5 29. h4 Kf6 30. g3 g5 31. hxg5+ Kxg5 32. f3 h5 33. Kc2
h4 34. gxh4+ Kxh4 35. Kd2 Bxb3 36. Kc3 Be6 0-1

[Event "Tournoi Skype 011A"]
[Site "Skype"]
[Date "????.??.??"]
[Round "1.9"]
[White "Salazar Ticeran, Antonio"]
[Black "Meaney, Mike"]
[Result "1-0"]
[WhiteElo "1846"]
[BlackElo "1537"]
[PlyCount "59"]

1. e4 e6 2. d4 d5 3. exd5 exd5 4. Bb5+ c6 5. Bd3 Be7 6. Nf3 Nf6 7. O-O O-O 8.
Nc3 Nbd7 9. h3 b6 10. Re1 Re8 11. Bg5 h6 12. Bf4 c5 13. Nb5 Rf8 14. Nc7 Rb8 15.
Nxd5 Nxd5 16. Bxb8 Nxb8 17. Qe2 cxd4 18. Qe4 f5 19. Qxd4 Nc6 20. Qc4 Qd6 21.
Bf1 Bb7 22. Rad1 Na5 23. Qe2 Rf6 24. c4 Nf4 25. Qxe7 Qxe7 26. Rxe7 Nxh3+ 27.
gxh3 Rg6+ 28. Kh2 Bxf3 29. Rd8+ Kh7 30. Rxa7 1-0

[Event "Tournoi Skype 011A"]
[Site "Skype"]
[Date "????.??.??"]
[Round "1.10"]
[White "Duthoit, Bernard"]
[Black "Jacquelin, Norbert"]
[Result "0-1"]
[WhiteElo "1535"]
[BlackElo "1807"]
[PlyCount "42"]

1. e4 e5 2. d4 exd4 3. c3 dxc3 4. Bc4 cxb2 5. Bxb2 d5 6. exd5 Bb4+ 7. Nc3 c6 8.
dxc6 Qxd1+ 9. Rxd1 Nxc6 10. Bb3 Nf6 11. Nf3 Ne4 12. Rc1 Bg4 13. O-O Bxc3 14.
Bxc3 Nxc3 15. Rxc3 O-O 16. Bd5 Rac8 17. Rfc1 Rfd8 18. Ne5 Nxe5 19. Rxc8 Rxc8
20. Rxc8+ Bxc8 21. f4 Nd3 0-1

[Event "Tournoi Skype 011A"]
[Site "Skype"]
[Date "????.??.??"]
[Round "1.11"]
[White "Mahapatra, Durgaprasad"]
[Black "De Coninck, Philippe"]
[Result "1-0"]
[WhiteElo "1799"]
[BlackElo "1525"]
[PlyCount "33"]

1. d4 d5 2. c4 Nf6 3. cxd5 Nxd5 4. e4 Nf6 5. Nc3 e6 6. Nf3 Bb4 7. Bd3 Nc6 8.
O-O Bxc3 9. bxc3 O-O 10. e5 Nd5 11. Bxh7+ Kxh7 12. Ng5+ Kg6 13. h4 Rh8 14. Qd3+
f5 15. exf6+ Kxf6 16. Qf3+ Kg6 17. Qf7+ 1-0

[Event "Tournoi Skype 011A"]
[Site "Skype"]
[Date "????.??.??"]
[Round "1.12"]
[White "Dubois, Real"]
[Black "Murgia, Stefano"]
[Result "1-0"]
[WhiteElo "1519"]
[BlackElo "1718"]
[PlyCount "111"]

1. d4 f5 2. g3 Nf6 3. Bg2 g6 4. Nf3 Bg7 5. Bg5 d6 6. Na3 O-O 7. c3 c6 8. Qb3+
Kh8 9. O-O Ne4 10. Be3 h6 11. Qc2 Nd7 12. Qc1 Kh7 13. Nc4 Ndf6 14. Ncd2 Nxd2
15. Nxd2 Ng4 16. Nc4 Be6 17. Na3 Nxe3 18. Qxe3 Qd7 19. Rfd1 Rae8 20. Qd3 f4 21.
e4 fxe3 22. Qxe3 Bf5 23. Re1 e5 24. dxe5 Bxe5 25. Qd2 d5 26. f4 Bc7 27. Rxe8
Rxe8 28. Nc2 Bb6+ 29. Kh1 Be4 30. Bxe4 Rxe4 31. Re1 Qe7 32. Rxe4 Qxe4+ 33. Qg2
Qd3 34. Ne1 Qd1 35. Qf1 Be3 36. Kg2 Qd2+ 37. Kh3 Qxb2 38. Ng2 Qxc3 39. Qe1 Qxe1
40. Nxe1 Bb6 41. Nf3 c5 42. Ne5 c4 43. Kg2 c3 44. Nd3 c2 45. Kf1 Bc5 46. Ke2
Ba3 47. Kd2 c1=Q+ 48. Nxc1 Bxc1+ 49. Kxc1 Kg7 50. Kd2 Kf7 51. Kd3 Ke6 52. Kd4
Kd6 53. g4 b5 54. f5 a5 55. f6 b4 56. f7 1-0

[Event "Tournoi Skype 011A"]
[Site "Skype"]
[Date "????.??.??"]
[Round "1.13"]
[White "Brun, Jacques"]
[Black "Loyarte, Frederic"]
[Result "1-0"]
[WhiteElo "1699"]
[BlackElo "1509"]
[PlyCount "79"]

1. e4 e5 2. Nf3 Nc6 3. Bb5 a6 4. Bxc6 dxc6 5. O-O Bg4 6. h3 Bxf3 7. Qxf3 Qf6 8.
Qxf6 Nxf6 9. d3 Bc5 10. Nd2 O-O 11. Nf3 Nd7 12. b3 f6 13. Bb2 Rad8 14. Rad1 Nb6
15. d4 exd4 16. Nxd4 Rfe8 17. Rfe1 Bxd4 18. Rxd4 Rxd4 19. Bxd4 Nd7 20. Kf1 Kf7
21. f4 g6 22. Kf2 c5 23. Bc3 g5 24. fxg5 fxg5 25. Ke3 Nf6 26. Bxf6 Kxf6 27.
Rf1+ Ke7 28. Rf5 g4 29. Rxc5 Kd6 30. Rh5 gxh3 31. gxh3 Re7 32. Kd4 c6 33. Rh6+
Kd7 34. e5 b6 35. c4 b5 36. cxb5 axb5 37. a4 c5+ 38. Kd5 c4 39. bxc4 bxc4 40.
Rd6+ 1-0

[Event "Tournoi Skype 011A"]
[Site "Skype"]
[Date "????.??.??"]
[Round "1.14"]
[White "De, Deeptyajeet"]
[Black "Legueltel, Daniel"]
[Result "1/2-1/2"]
[WhiteElo "1504"]
[BlackElo "1680"]
[PlyCount "97"]

1. d4 d5 2. Bf4 c6 3. c3 Nf6 4. Nf3 Nbd7 5. e3 Nh5 6. Bg5 h6 7. Bh4 g5 8. Bg3
Nxg3 9. hxg3 Bg7 10. Be2 Nf6 11. Nbd2 Bf5 12. Nb3 Ne4 13. Bd3 e6 14. Qc2 Qe7
15. Nbd2 Nxd2 16. Nxd2 Bxd3 17. Qxd3 e5 18. dxe5 Qxe5 19. Qd4 Qxd4 20. exd4 Kd7
21. O-O-O Rae8 22. Rde1 Rxe1+ 23. Rxe1 Re8 24. Rxe8 Kxe8 25. Nf3 Ke7 26. Kd2
Ke6 27. g4 f5 28. gxf5+ Kxf5 29. Ke3 a5 30. a4 b5 31. axb5 cxb5 32. Nd2 Bf8 33.
f3 h5 34. b3 a4 35. b4 g4 36. fxg4+ Kxg4 37. Kf2 Bd6 38. Nb1 Bf4 39. Na3 Bc1
40. Nxb5 a3 41. Nxa3 Bxa3 42. b5 Bd6 43. b6 h4 44. Ke2 Kg3 45. Kf1 Kf4 46. Ke2
Ke4 47. Kd2 Bf4+ 48. Ke2 Kf5 49. Kf3 1/2-1/2

[Event "Tournoi Skype 011A"]
[Site "Skype"]
[Date "????.??.??"]
[Round "1.15"]
[White "Sharma, Mayank"]
[Black "Grib, Johannes"]
[Result "1-0"]
[WhiteElo "1669"]
[BlackElo "1499"]
[PlyCount "135"]

1. e4 e5 2. Nf3 Nc6 3. d4 Nf6 4. Bg5 Be7 5. Nc3 h6 6. Bh4 d6 7. a3 Bg4 8. dxe5
Nxe5 9. Be2 Ng6 10. Bg3 c6 11. Nd4 Bxe2 12. Qxe2 Qb6 13. Nb3 h5 14. O-O-O Nd7
15. Bxd6 Bg5+ 16. Kb1 Bf4 17. Bxf4 Nxf4 18. Qd2 Qc7 19. g3 Ne6 20. f4 O-O-O 21.
Qe3 Nb6 22. Ne2 Rxd1+ 23. Rxd1 Rd8 24. Rxd8+ Qxd8 25. Qd2 Nc4 26. Qxd8+ Kxd8
27. Kc1 a5 28. Nd2 Ne3 29. f5 Nc5 30. Nf4 Ke7 31. Nxh5 Ng4 32. b4 axb4 33. axb4
Na6 34. c3 b5 35. h4 g6 36. fxg6 fxg6 37. Nf4 Kf6 38. Nf3 Ne5 39. Nxe5 Kxe5 40.
Nxg6+ Kxe4 41. g4 Nc7 42. h5 Ne8 43. h6 Nf6 44. Nf8 Kf4 45. h7 Nxh7 46. Nxh7
Kxg4 47. Nf6+ Kf4 48. Nd7 Ke4 49. Kd2 Kd5 50. Kd3 Kd6 51. Nc5 Kd5 52. Na6 Ke5
53. Nb8 Kd5 54. Kd2 c5 55. Kd3 c4+ 56. Ke3 Ke5 57. Na6 Kd5 58. Nc5 Ke5 59. Kf3
Kf5 60. Kg3 Kg5 61. Ne6+ Kf5 62. Nd4+ Ke4 63. Nxb5 Kd5 64. Kf4 Kc6 65. Nd4+ Kd5
66. Kf5 Kd6 67. Ke4 Kc7 68. Kd5 1-0

[Event "Tournoi Skype 011A"]
[Site "Skype"]
[Date "????.??.??"]
[Round "1.16"]
[White "Holtz, Steve"]
[Black "Parmar, Manoj"]
[Result "0-1"]
[WhiteElo "1499"]
[BlackElo "1658"]
[PlyCount "60"]

1. e4 d5 2. exd5 Qxd5 3. Nc3 Qa5 4. Nf3 c6 5. h3 Bf5 6. Bc4 e6 7. O-O Nf6 8.
Re1 Be7 9. b3 O-O 10. Bb2 Nbd7 11. a3 Rad8 12. d4 h6 13. Bd3 Bxd3 14. Qxd3 Rfe8
15. b4 Qc7 16. Rad1 a5 17. b5 cxb5 18. Nxb5 Qb6 19. Qb3 Ra8 20. a4 Rac8 21. c4
Qd8 22. d5 exd5 23. cxd5 Nc5 24. Qa2 Nce4 25. Ba3 Bxa3 26. Qxa3 Qb6 27. Rb1
Qxf2+ 28. Kh2 Rc2 29. Rg1 Qg3+ 30. Kh1 Nf2# 0-1

[Event "Tournoi Skype 011A"]
[Site "Skype"]
[Date "????.??.??"]
[Round "1.17"]
[White "Casey, Eamonn"]
[Black "Kruzeniski, Randy"]
[Result "1-0"]
[WhiteElo "1656"]
[BlackElo "1499"]
[PlyCount "51"]

1. d4 d5 2. c4 e6 3. Nc3 Nc6 4. Nf3 Nf6 5. Bg5 h6 6. Bxf6 Qxf6 7. cxd5 exd5 8.
Nxd5 Qd6 9. Nc3 Be6 10. e4 Bg4 11. Be2 f5 12. Qa4 O-O-O 13. d5 Ne5 14. Qxa7
Nxf3+ 15. gxf3 Qb4 16. Qa8+ Kd7 17. Qa4+ Qxa4 18. Nxa4 Bh3 19. Rg1 b5 20. Bxb5+
Kd6 21. Rg3 Rb8 22. Bc6 Rb4 23. Rxh3 fxe4 24. fxe4 Rxe4+ 25. Re3 Rh4 26. Re6#
1-0

[Event "Tournoi Skype 011A"]
[Site "Skype"]
[Date "????.??.??"]
[Round "1.18"]
[White "Galani, Mahendra"]
[Black "Gieschen, Mike"]
[Result "0-1"]
[WhiteElo "1491"]
[BlackElo "1655"]
[PlyCount "120"]

1. e4 c5 2. c3 Nc6 3. Bb5 Qc7 4. Nf3 Nf6 5. d3 e6 6. Bg5 Be7 7. h3 O-O 8. Qd2
d5 9. exd5 Nxd5 10. Bc4 Bxg5 11. Qxg5 Nde7 12. Qxc5 b6 13. Qe3 Nf5 14. Qd2 Bb7
15. d4 Ncxd4 16. Nxd4 Qxc4 17. Na3 Qd5 18. f3 Qe5+ 19. Kd1 Rad8 20. Re1 Qf6 21.
Nac2 e5 22. g4 exd4 23. cxd4 Nxd4 24. Qf2 Nxf3+ 25. Kc1 Qg5+ 26. Re3 Nd4 27.
Nxd4 Rxd4 28. Kc2 Rc8+ 29. Rc3 Rxc3+ 30. bxc3 Rd2+ 31. Qxd2 Be4+ 32. Kc1 Qe7
33. Qd4 Qa3+ 34. Kd1 Bf3+ 35. Ke1 Qe7+ 36. Kd2 Qe2+ 37. Kc1 g6 38. Qd8+ Kg7 39.
Qd4+ f6 40. g5 Qf1+ 41. Kb2 Qg2+ 42. Kc1 Qxg5+ 43. Kb2 Qg2+ 44. Ka3 Qxh3 45.
Re1 Kh6 46. Qf4+ g5 47. Qxf6+ Kh5 48. Qf7+ Kh4 49. Qxh7+ Kg3 50. Rg1+ Bg2 51.
Qc7+ Kh4 52. Qc4+ Kg3 53. Qd3+ Kh2 54. Qxh3+ Kxh3 55. Re1 g4 56. Re3+ Kh2 57.
Kb2 g3 58. Kc1 Bh3 59. Re2+ g2 60. Kd1 Kh1 0-1

[Event "Tournoi Skype 011A"]
[Site "Skype"]
[Date "????.??.??"]
[Round "1.19"]
[White "Chaignet, Lucas"]
[Black "L'Herbon De Lussats, Jean"]
[Result "1-0"]
[WhiteElo "1642"]
[BlackElo "1486"]
[PlyCount "29"]

1. e4 d5 2. exd5 Qxd5 3. Nc3 Qd8 4. Nf3 c5 5. Bc4 Bg4 6. Ne5 e6 7. Qxg4 Nf6 8.
Qf3 Qc8 9. Bb5+ Nbd7 10. Bxd7+ Nxd7 11. Qxf7+ Kd8 12. Qxe6 Qc7 13. Nf7+ Kc8 14.
Qe8+ Qd8 15. Qxd8# 1-0

[Event "Tournoi Skype 011A"]
[Site "Skype"]
[Date "????.??.??"]
[Round "1.20"]
[White "Belouin, Bruno"]
[Black "Kumar Pradhan, Soundarya"]
[Result "1-0"]
[WhiteElo "1484"]
[BlackElo "1641"]
[PlyCount "75"]

1. Nf3 Nf6 2. g3 c5 3. Bg2 g6 4. O-O Bg7 5. d3 O-O 6. Nc3 Nc6 7. d4 cxd4 8.
Nxd4 a6 9. Nxc6 bxc6 10. h3 Rb8 11. Rb1 Bb7 12. Bf4 d6 13. e4 c5 14. Re1 Nd7
15. Qd2 Ne5 16. b3 Qa5 17. Re3 Bc6 18. Bxe5 Bxe5 19. Rbe1 Bd4 20. Rf3 Bxc3 21.
Qxc3 Qxa2 22. Ra1 Bxe4 23. Rxa2 Bxf3 24. Bxf3 Rb6 25. Qe3 e6 26. h4 Rc8 27. h5
d5 28. h6 f6 29. Qf4 Kf7 30. g4 g5 31. Qh2 c4 32. bxc4 Rxc4 33. Be2 Rcc6 34.
Qh5+ Ke7 35. Bd3 Kd6 36. Bxh7 e5 37. Bf5 Kc5 38. h7 1-0

[Event "Tournoi Skype 011A"]
[Site "Skype"]
[Date "????.??.??"]
[Round "1.21"]
[White "Engstrom, Olle"]
[Black "Yeter, Orhan"]
[Result "1-0"]
[WhiteElo "1639"]
[BlackElo "1400"]
[PlyCount "43"]

1. d4 d5 2. Nd2 c6 3. e4 e6 4. e5 Nd7 5. Bd3 c5 6. c3 c4 7. Bc2 Be7 8. Qg4 g6
9. Ndf3 f6 10. Bxg6+ Kf8 11. Qh5 h6 12. Ne2 f5 13. Nf4 Nb6 14. Bf7 Kg7 15. Qg6+
Kf8 16. Nxe6+ Bxe6 17. Bxe6 Qe8 18. Qxf5+ Nf6 19. exf6 Bd6 20. Nh4 Rg8 21.
Bxh6+ Rg7 22. Bxg7# 1-0

[Event "Tournoi Skype 011A"]
[Site "Skype"]
[Date "????.??.??"]
[Round "1.22"]
[White "Antonic, Nenad"]
[Black "Le Brun, Yves"]
[Result "0-1"]
[WhiteElo "1449"]
[BlackElo "1633"]
[PlyCount "64"]

1. d4 d5 2. Nf3 Nf6 3. e3 Bg4 4. Bd3 e6 5. O-O Bd6 6. Re1 Nc6 7. c3 h6 8. Nbd2
e5 9. e4 O-O 10. exd5 Nxd5 11. h3 Bh5 12. g4 Bg6 13. Bxg6 fxg6 14. Nxe5 Nxe5
15. dxe5 Bc5 16. Ne4 Bb6 17. c4 Nb4 18. Qb3 c5 19. a3 Nc6 20. Nd6 Qe7 21. Qe3
Nd4 22. Re2 Rf3 23. Qe4 Raf8 24. Qd5+ Kh7 25. Re4 Rxh3 26. Rf4 Ne2+ 27. Kg2
Nxf4+ 28. Bxf4 Rxf4 29. Kxh3 Rd4 30. Qxb7 Qxe5 31. Nf7 Qe6 32. Kg2 Rxg4+ 0-1

[Event "Tournoi Skype 011A"]
[Site "Skype"]
[Date "????.??.??"]
[Round "1.23"]
[White "De Leener, Luc"]
[Black "Saidi, Bhen"]
[Result "1-0"]
[WhiteElo "1632"]
[BlackElo "1433"]
[PlyCount "41"]

1. e4 e5 2. Nf3 Nc6 3. Bc4 Nf6 4. Ng5 d5 5. exd5 Nxd5 6. d4 h6 7. Ne4 Nxd4 8.
c3 Bf5 9. f3 Nf4 10. Bxf4 Nxf3+ 11. Qxf3 exf4 12. O-O Qh4 13. Nbd2 O-O-O 14.
Nb3 Re8 15. Nec5 c6 16. Bxf7 Re3 17. Qxf4 Qxf4 18. Rxf4 Bc2 19. Be6+ Kc7 20.
Rf7+ Kb6 21. Rxb7# 1-0

[Event "Tournoi Skype 011A"]
[Site "Skype"]
[Date "????.??.??"]
[Round "1.24"]
[White "Khatanhar, Mohit"]
[Black "Meyer, Eric"]
[Result "0-1"]
[WhiteElo "1421"]
[BlackElo "1628"]
[PlyCount "78"]

1. e4 d6 2. d3 Nf6 3. Be2 Nbd7 4. h3 g6 5. Be3 Bg7 6. c3 c5 7. Nd2 b6 8. Ngf3
Bb7 9. Nh2 O-O 10. Ndf3 Qc7 11. Qd2 c4 12. O-O cxd3 13. Bxd3 Bxe4 14. Bxe4 Nxe4
15. Qc1 Ndf6 16. Bh6 Qc5 17. Bxg7 Kxg7 18. Qf4 d5 19. Ne5 Qd6 20. Nhg4 Nxg4 21.
hxg4 Rad8 22. Rfe1 Nc5 23. Re3 Qf6 24. Qg3 Ne4 25. g5 Qf5 26. Qh4 Qxe5 27. Qh6+
Kg8 28. Rh3 Qg7 29. Qh4 e6 30. Re1 Nd6 31. Ree3 Nf5 32. Qf4 Nxe3 33. Rxe3 d4
34. cxd4 Qxd4 35. Re4 Qd1+ 36. Kh2 Qd6 37. Re5 Rd7 38. Qf6 Rc8 39. f4 Qe7 0-1

[Event "Tournoi Skype 011A"]
[Site "Skype"]
[Date "????.??.??"]
[Round "1.25"]
[White "Rajpurohit, Dinesh"]
[Black "Belouin, Alexis"]
[Result "1-0"]
[WhiteElo "1627"]
[BlackElo "1415"]
[PlyCount "47"]

1. e4 e5 2. Bc4 Nf6 3. d3 c5 4. Nc3 Nc6 5. Nf3 Be7 6. Nd5 O-O 7. Nxf6+ Bxf6 8.
h4 d6 9. Ng5 h6 10. Qh5 Qe7 11. Qg6 Bxg5 12. hxg5 Be6 13. Bxe6 Kh8 14. Rxh6+
gxh6 15. Qxh6+ Kg8 16. Bf5 f6 17. g6 Qg7 18. Be6+ Rf7 19. gxf7+ Kf8 20. Qh3 Nd4
21. Bh6 Nxe6 22. Bxg7+ Kxg7 23. Qxe6 Rd8 24. Qe7 1-0

[Event "Tournoi Skype 011A"]
[Site "Skype"]
[Date "????.??.??"]
[Round "2.1"]
[White "Parmar, Manoj"]
[Black "Hervais, Adrien"]
[Result "0-1"]
[WhiteElo "1658"]
[BlackElo "2097"]
[PlyCount "82"]

1. d4 e6 2. Nf3 d5 3. Bf4 c5 4. c3 Nc6 5. e3 Nf6 6. Bd3 Be7 7. h3 Qb6 8. Qc2 c4
9. Be2 Ne4 10. O-O O-O 11. Nbd2 f5 12. Bg3 Nxg3 13. fxg3 Qc7 14. Nh2 Qxg3 15.
Rf3 Qg5 16. Ndf1 Bd6 17. b3 cxb3 18. axb3 Rf6 19. Bd1 Bd7 20. Qf2 Rh6 21. b4
Ne7 22. Be2 Ng6 23. Rg3 Bxg3 24. Nxg3 f4 25. exf4 Nxf4 26. Bg4 Nd3 27. Qf3 Qd2
28. Nh5 Rf8 29. Qg3 Qf2+ 30. Qxf2 Nxf2 31. Be2 Ne4 32. Bg4 g6 33. Ng3 Nxg3 34.
Rxa7 Bc8 35. Ra8 g5 36. Nf3 Ne4 37. Kh2 Rhf6 38. Ra3 Nf2 39. Bh5 Rh6 40. Ra2
Rxh5 41. Rxf2 g4 0-1

[Event "Tournoi Skype 011A"]
[Site "Skype"]
[Date "????.??.??"]
[Round "2.2"]
[White "Auger, Bertrand"]
[Black "Casey, Eamonn"]
[Result "1-0"]
[WhiteElo "2043"]
[BlackElo "1656"]
[PlyCount "41"]

1. Nf3 Nf6 2. g3 e6 3. Bg2 d5 4. c4 c6 5. O-O g6 6. b3 Bg7 7. Bb2 O-O 8. Qc2
Nbd7 9. d3 Re8 10. Ne5 Qc7 11. f4 Qb6+ 12. d4 Nxe5 13. c5 Qd8 14. fxe5 Ng4 15.
Bc1 Bd7 16. h3 Nh6 17. g4 b6 18. Be3 bxc5 19. Qd2 Qh4 20. Bg5 Qg3 21. Rf3 1-0

[Event "Tournoi Skype 011A"]
[Site "Skype"]
[Date "????.??.??"]
[Round "2.3"]
[White "Gieschen, Mike"]
[Black "Deville, Olivier"]
[Result "0-1"]
[WhiteElo "1655"]
[BlackElo "1919"]
[PlyCount "44"]

1. Nf3 c5 2. c4 Nc6 3. Nc3 g6 4. e3 e5 5. e4 Bg7 6. d3 d6 7. Be2 Nge7 8. O-O
O-O 9. Bg5 h6 10. Be3 f5 11. exf5 Bxf5 12. Nh4 Be6 13. Bg4 Qd7 14. Bxe6+ Qxe6
15. Qd2 g5 16. Nf3 Ng6 17. Nd5 Qg4 18. h3 Qh5 19. Kh2 Rxf3 20. gxf3 Nh4 21. Kg3
Qxf3+ 22. Kh2 Qg2# 0-1

[Event "Tournoi Skype 011A"]
[Site "Skype"]
[Date "????.??.??"]
[Round "2.4"]
[White "Catherine, Bertrand"]
[Black "Mahapatra, Durgaprasad"]
[Result "0-1"]
[WhiteElo "1910"]
[BlackElo "1799"]
[PlyCount "94"]

1. e4 d5 2. exd5 Qxd5 3. Nc3 Qe5+ 4. Be2 c6 5. d4 Qc7 6. Nf3 Bf5 7. Bd3 Bxd3 8.
Qxd3 e6 9. Bd2 Nd7 10. O-O-O Ngf6 11. Rhe1 O-O-O 12. Ne4 Nxe4 13. Qxe4 Nf6 14.
Qe2 h6 15. Kb1 c5 16. g3 c4 17. Bf4 Bd6 18. Bxd6 Rxd6 19. Ne5 c3 20. Qc4 Qxc4
21. Nxc4 Rc6 22. Ne5 Rc7 23. bxc3 Nd5 24. Kb2 Nxc3 25. Rd3 Nxa2 26. Kxa2 Rxc2+
27. Kb3 Rxf2 28. Rc1+ Kb8 29. Rdc3 a6 30. R1c2 Rxc2 31. Kxc2 Rd8 32. Rc4 f6 33.
Nd3 a5 34. Kc3 b5 35. Rc5 Rc8 36. Kb3 Rxc5 37. Nxc5 e5 38. dxe5 fxe5 39. Kc2
Ka7 40. Nd7 e4 41. Nc5 e3 42. Nb3 Kb6 43. Kd3 a4 44. Na1 b4 45. Nc2 e2 46. Kxe2
b3 47. Na3 Kc5 0-1

[Event "Tournoi Skype 011A"]
[Site "Skype"]
[Date "????.??.??"]
[Round "2.5"]
[White "Chaignet, Lucas"]
[Black "Hilton, Stephen"]
[Result "1/2-1/2"]
[WhiteElo "1642"]
[BlackElo "1897"]
[PlyCount "78"]

1. e4 c5 2. Nf3 d6 3. d4 cxd4 4. Nxd4 Nf6 5. Nc3 a6 6. Be2 e5 7. Nf3 Be7 8. h3
O-O 9. Be3 b5 10. Nd5 Nbd7 11. Nd2 Nxd5 12. exd5 Bb7 13. c4 f5 14. Nf3 Rc8 15.
cxb5 axb5 16. O-O f4 17. Bd2 Rc5 18. Nh2 Nf6 19. Bf3 Bxd5 20. Bxd5+ Rxd5 21.
Qe2 Qd7 22. Rac1 Rc8 23. Rxc8+ Qxc8 24. Bxf4 exf4 25. Qxe7 Rd2 26. b3 h6 27. a4
bxa4 28. bxa4 Qa6 29. Qe6+ Kh8 30. Qb3 Qa7 31. Nf3 Re2 32. Qc4 Re4 33. Qc8+ Re8
34. Qc6 Qb8 35. a5 Rc8 36. Qb6 Qxb6 37. axb6 Rb8 38. Rb1 Rb7 39. Rb4 Nd5
1/2-1/2

[Event "Tournoi Skype 011A"]
[Site "Skype"]
[Date "????.??.??"]
[Round "2.6"]
[White "Lambert, Pierre"]
[Black "Engstrom, Olle"]
[Result "1-0"]
[WhiteElo "1891"]
[BlackElo "1639"]
[PlyCount "55"]

1. e4 c5 2. Nf3 Nc6 3. Bb5 g6 4. O-O Bg7 5. c3 a6 6. Bxc6 dxc6 7. d4 cxd4 8.
Nxd4 e5 9. Nb3 Qc7 10. Qe2 Ne7 11. Be3 O-O 12. N1d2 Kh8 13. Rad1 f5 14. Nc4 b5
15. Nb6 Rb8 16. Nxc8 Nxc8 17. Nc5 f4 18. Ne6 Qf7 19. Nxf8 Bxf8 20. Rd8 Kg7 21.
Qg4 h5 22. Qd7 Qxd7 23. Rxd7+ Be7 24. Bc5 Kf6 25. Bxe7+ Nxe7 26. Rfd1 Re8 27.
R1d6+ Kg5 28. Re6 1-0